| 000 | 00800cab a2200265 4500 | ||
|---|---|---|---|
| 001 | ABS46289 | ||
| 008 | 090401t1992 xxu||||| |||| 00| 0 eng d | ||
| 035 | _a(Sirsi) u57594 | ||
| 041 | _aeng | ||
| 100 | _aTaylor, V. W. | ||
| 245 | _aSales and surveys: a moral dilemma? | ||
| 260 | _c1992 | ||
| 350 | _a0 | ||
| 490 |
_aEstates Gazette _v(9213) 4 April 1992, 100(1) |
||
| 520 | _aRaises the ethical question, whether an agent should market a property knowing it to be defective. | ||
| 650 | _aDEFECTIVE PROPERTY | ||
| 650 | _aESTATE AGENTS ACT 1979 | ||
| 650 | _aETHICS | ||
| 650 | _aMARKETING | ||
| 650 | _aPROFESSIONAL ETHICS | ||
| 650 | _aPROPERTY MISDESCRIPTIONS ACT 1991 | ||
| 690 | _aMANAGEMENT-BUSINESS MANAGEMENT-PROFESSIONAL PRACTICE | ||
| 942 | _n0 | ||
| 948 | _c04/03/1997 | ||
| 999 |
_c35137 _d35137 |
||